LEADER 00858nam0-22002891--450- 001 990009132890403321 005 20100111120003.0 035 $a000913289 035 $aFED01000913289 035 $a(Aleph)000913289FED01 035 $a000913289 100 $a20100111d1950----km-y0itay50------ba 101 0 $aeng 102 $aUS 105 $ay-------001yy 200 1 $aAncient Near Eastern texts$erelating to the Old Testament$fedited by James B. Pritchard 210 $aPrinceton (New Jersey)$cPrinceton University Press$d1950 215 $aXXI, 526 p.$d31 cm 676 $a291.4$v11 rid.$zita 702 1$aPritchard,$bJames Bennett$f<1909-1997> 801 0$aIT$bUNINA$gRICA$2UNIMARC 901 $aBK 912 $a990009132890403321 952 $aIV L 76$b37075$fFGBC 959 $aFGBC 996 $aAncient near eastern texts$9105438 997 $aUNINA LEADER 00923cam0-22003251i-450 001 990002614140403321 005 20230705084525.0 035 $a000261414 035 $aFED01000261414 035 $a(Aleph)000261414FED01 035 $a000261414 100 $a20030910d1960----km-y0itay50------ba 101 0 $aeng 102 $aUS 105 $aa-------001yy 200 1 $aMarketing management$fby D. Maynard Phelps and J. Howard Westing 205 $aRev. ed. 210 $aHomewood, Ill$cR. D. Irwin$d1960 215 $aXVII, 846 p.$cill.$d24 cm 610 0 $aMarketing 700 1$aPhelps,$bDudley Maynard$f<1897- >$0106612 701 1$aWesting,$bJohn Howard$f<1911- >$0106613 801 0$aIT$bUNINA$gRICA$2UNIMARC 901 $aBK 912 $a990002614140403321 952 $a4-0-264-TI$bs.i.$fECA 952 $a4-0-169-TI$b775$fECA 959 $aECA 996 $aMarketing management$9433424 997 $aUNINA